[Event "UKR-chT 2019"]
[Site "Chornomorsk"]
[Date "2019.05.20"]
[Round "1.1"]
[White "Tisevich, Roman"]
[Black "Efimenko, Zahar"]
[Result "0-1"]
[WhiteElo "2337"]
[BlackElo "2632"]
[Annotator "TA"]
[PlyCount "57"]
[EventDate "2019.05.20"]
[EventCountry "UKR"]
[SourceTitle "playchess.com"]
[Source "ChessBase"]
[SourceQuality "1"]

{[%evp 9,57,-6,-6,-7,-1,-2,0,-6,-6,-6,0,0,0,0,0,0,0,-9,0,-11,0,0,0,0,0,0,0,-3,-9,-22,0,-8,-10,-79,-69,-99,-104,-495,-490,-620,-624,-774,-766,-737,-622,-634,-620,-634,-629,-625]} 1. b3 Nf6 2. Bb2 g6 3. Bxf6 exf6 4. c4 b6 (4... f5 5. Nc3 d6 6. g3 Nd7 7. Bg2 Nf6 8. e3 h5 9. h4 Bh6 10. Nge2 O-O 11. O-O Re8 12. Nf4 c6 13. Nce2 a5 14. Qc2 Bd7 15. a3 Ng4 16. Rab1 Bg7 17. b4 axb4 18. axb4 Ra3 19. d4 {½-½ (19) Iturrizaga Bonelli,E (2662)-Ponomariov,R (2692) Linares 2017}) 5. Nc3 Bb7 6. e3 {A01: Nimzowitsch-Larsen Opening} Bg7 7. Nf3 f5 8. Rc1 {The position is equal.} O-O 9. g3 d6 10. Bg2 Nd7 {[%cal Bb8d7,Bd7f6,Bf6e4][%mdl 32]} 11. O-O Nf6 12. Ne1 $146 ({Predecessor:} 12. d3) 12... Ne4 13. Ne2 Qc8 14. Nf4 Re8 (14... c6 {keeps more tension.} 15. d3 Nf6 16. d4 Re8 17. h4 h6) 15. d3 Nf6 16. Bxb7 Qxb7 17. Qf3 c6 18. b4 Qd7 19. Nc2 Rac8 20. a4 d5 21. cxd5 (21. Nd4 $11 {remains equal.}) 21... Nxd5 $17 22. Nxd5 cxd5 ({Reject} 22... Qxd5 $6 {[#]} 23. Nd4 $1 $11 {[%mdl 512]}) 23. b5 $2 {[%mdl 8192]} (23. Nd4 $17) 23... Bb2 $19 {Black is clearly winning.} 24. Ra1 Rxc2 25. Ra2 d4 {[#] Threatens to win with ...dxe3.} 26. Rb1 Rc1+ 27. Rxc1 Bxc1 28. Rc2 Ba3 29. exd4 {Accuracy: White = 43%, Black = 62%.} 0-1

[Event "UKR-chT 2019"]
[Site "Chornomorsk"]
[Date "2019.05.20"]
[Round "1.2"]
[White "Bondarets, Vadim"]
[Black "Sivuk, Vitaly"]
[Result "1-0"]
[WhiteElo "2236"]
[BlackElo "2543"]
[Annotator "RC"]
[PlyCount "103"]
[EventDate "2019.05.20"]
[EventCountry "UKR"]
[SourceTitle "playchess.com"]
[Source "ChessBase"]
[SourceQuality "1"]
[TimeControl "40/5400+30:1800+30"]

1. d4 {[%emt 0:00:00]} f5 {[%emt 0:00:00]} 2. Nf3 {[%emt 0:00:27]} Nf6 {[%emt 0:00:13]} 3. g3 {[%emt 0:00:16]} g6 {[%emt 0:00:10]} 4. Bg2 {[%emt 0:00:06]} Bg7 {[%emt 0:00:01]} 5. O-O {[%emt 0:00:15]} O-O {[%emt 0:00:06]} 6. b3 {[%emt 0:02:17]} c6 {[%emt 0:05:13]} 7. Bb2 {[%emt 0:00:32]} d5 {[%emt 0:08:31]} 8. Nbd2 {[%emt 0:01:14]} Nbd7 {[%emt 0:05:27]} 9. c4 {[%emt 0:04:59]} e6 {[%emt 0:13:17]} 10. Qc2 {[%emt 0:00:47]} Ne4 {[%emt 0:05:17]} 11. e3 {[%emt 0:02:41]} g5 {[%emt 0:06:17]} 12. Rad1 {[%emt 0:02:11]} g4 {[%emt 0:03:42]} 13. Ne1 {[%emt 0:00:59]} Qg5 {[%emt 0:01:19]} 14. Ba3 {[%emt 0:04:19]} Rf7 {[%emt 0:00:28]} 15. Nd3 {[%emt 0:00:37]} h5 {[%emt 0:03:06]} 16. Nf4 {[%emt 0:01:17]} Ndf6 {[%emt 0:02:00]} 17. f3 {[%emt 0:07:02]} Nxd2 {[%emt 0:00:18]} 18. Qxd2 {[%emt 0:00:11]} gxf3 {[%emt 0:05:02]} 19. Bxf3 {[%emt 0:00:18]} Bd7 {[%emt 0:05:11]} 20. Qe2 {[%emt 0:02:39]} Bh6 {[%emt 0:07:47]} 21. Kh1 {[%emt 0:01:04]} Kh8 {[%emt 0:01:56]} 22. Bd6 {[%emt 0:02:27]} Kh7 {[%emt 0:09:06]} 23. Rde1 {[%emt 0:03:51]} Ne4 {[%emt 0:05:18]} 24. Bxe4 {[%emt 0:01:53]} dxe4 {[%emt 0:02:31]} 25. Nxh5 {[%emt 0:01:36]} Rg8 {[%emt 0:00:59]} 26. Rf4 {[%emt 0:02:56]} Kg6 {[%emt 0:01:54]} 27. Rh4 {[%emt 0:00:24]} Rh7 {[%emt 0:00:41]} 28. Bf4 {[%emt 0:07:36]} Qe7 {[%emt 0:00:22]} 29. Bxh6 {[%emt 0:00:50]} Rxh6 {[%emt 0:00:08]} 30. Nf4+ {[%emt 0:00:07]} Kh7 {[%emt 0:00:39]} 31. Rxh6+ Kxh6 32. Qh5+ {[%emt 0:01:04]} Kg7 {[%emt 0:00:01]} 33. g4 {[%emt 0:00:21]} Be8 {[%emt 0:01:54]} 34. Qh3 {[%emt 0:00:12]} Rh8 {[%emt 0:03:44]} 35. Qg2 {[%emt 0:04:15]} Kf8 {[%emt 0:00:27]} 36. gxf5 {[%emt 0:02:01]} exf5 {[%emt 0:00:21]} 37. Rg1 {[%emt 0:00:09]} Qf6 {[%emt 0:01:44]} 38. Qg5 {[%emt 0:00:51]} Ke7 {[%emt 0:01:16]} 39. Qg7+ {[%emt 0:01:12]} Qxg7 {[%emt 0:00:15]} 40. Rxg7+ {[%emt 0:00:00]} Kf6 {[%emt 0:00:00]} 41. Rxb7 {[%emt 0:00:37]} Bh5 {[%emt 0:04:40]} 42. Rc7 {[%emt 0:02:03]} Bd1 {[%emt 0:15:39]} 43. Rxc6+ {[%emt 0:02:18]} Kf7 {[%emt 0:00:35]} 44. Kg1 {[%emt 0:00:54]} a5 {[%emt 0:01:07]} 45. Rc5 {[%emt 0:01:37]} Kf6 {[%emt 0:00:36]} 46. Rxa5 {[%emt 0:00:27]} Kg5 {[%emt 0:04:37]} 47. Ra6 {[%emt 0:01:34]} Kg4 {[%emt 0:00:32]} 48. Rg6+ {[%emt 0:00:14]} Kh4 {[%emt 0:00:01]} 49. d5 {[%emt 0:02:53]} Ra8 {[%emt 0:02:28]} 50. Rg2 {[%emt 0:00:47]} Bxb3 {[%emt 0:00:22]} 51. Ng6+ {[%emt 0:00:06]} Kh5 {[%emt 0:00:01]} 52. axb3 {[%emt 0:00:20]} 1-0

[Event "UKR-chT 2019"]
[Site "Chornomorsk"]
[Date "2019.05.20"]
[Round "1.3"]
[White "Zolotariov, Georgiy"]
[Black "Osmak, Iulija"]
[Result "0-1"]
[WhiteElo "1895"]
[BlackElo "2387"]
[Annotator "TA"]
[PlyCount "80"]
[EventDate "2019.05.20"]
[EventCountry "UKR"]
[SourceTitle "playchess.com"]
[Source "ChessBase"]
[SourceQuality "1"]

{[%evp 12,80,-15,-42,-42,-51,-42,-43,-35,-37,-37,-43,-50,-42,-42,-48,-25,-32,-29,-42,-16,-71,-79,-118,-118,-127,-120,-129,-129,-159,-152,-143,-144,-147,-112,-111,-116,-117,-114,-120,-119,-159,-156,-272,-263,-385,-294,-294,-303,-364,-312,-304,-305,-291,-279,-557,-544,-550,-543,-662,-537,-535,-535,-504,-514,-681,-533,-562,-368,-343,-342]} 1. e4 e5 2. Nf3 Nc6 3. Bb5 a6 4. Ba4 Nf6 5. O-O Be7 6. c3 Nxe4 7. Re1 Nc5 {C84: Closed Ruy Lopez: Unusual White 6th moves} 8. Bxc6 dxc6 9. Nxe5 Nd3 $1 {[%cal Rd3e1] Black is slightly better.} 10. Nxd3 Qxd3 11. Qe2 Qxe2 12. Rxe2 c5 13. d4 cxd4 14. cxd4 Bg4 $146 ({Predecessor:} 14... Be6 15. Nc3 {0-1 (39) Henno,F (1992)-Koziak,V (2486) Nantes 2013}) 15. f3 Be6 16. Nc3 (16. Bf4 $11 {keeps the balance.}) 16... O-O-O $17 17. Bf4 Rxd4 18. Be5 Rd3 19. Ne4 f6 20. Nf2 Rd7 21. Bg3 Bf7 22. Rc1 Bd6 ({But not} 22... Bxa2 $6 {[#]} 23. Bxc7 $1 {[%mdl 512]} Bd5 24. Bd6+ Kd8 25. Bxe7+ Rxe7 26. Rxe7 $11) 23. Bxd6 Rxd6 24. Ne4 Rdd8 25. Nc5 Rhe8 26. Rec2 {next Nxb7! is good for White.} Bg6 ({Weaker is} 26... Bxa2 27. b3 $14) 27. Rc3 (27. Rf2 $17) 27... Re2 $19 28. Kf1 (28. Ne4 {was worth a try.} c6 29. R3c2 Rd1+ {[%mdl 64] Deflection} 30. Rxd1 Rxc2 31. Rb1) 28... Rxb2 29. Ne6 Rdd2 30. Rxc7+ {[#]} Kb8 $1 {( -> ...Bd3+)} 31. Nf4 Rxa2 32. Rxg7 a5 33. Nxg6 $2 (33. h4 {is a better defense.}) 33... Rf2+ ({Less strong is} 33... hxg6 34. Rxg6 Rac2 35. Re1 $15) 34. Ke1 {Strongly threatening Nf4.} Rxg2 {[%cal Rg2g1][%mdl 64] Double Attack, Pin} (34... hxg6 $2 35. Rb1 $19) 35. Rg8+ {[#]} Ka7 $1 {[%cal Rg2g1][%mdl 512]} 36. Ne7 Rge2+ {[%mdl 64] Double Attack} 37. Kf1 Rxe7 38. Rf8 Rxh2 {And now ...Rh1+ would win.} 39. Kg1 Rh6 40. Ra1 b6 {Accuracy: White = 47%, Black = 90%.} 0-1

[Event "UKR-chT 2019"]
[Site "Chornomorsk"]
[Date "2019.05.20"]
[Round "1.4"]
[White "Kamnev, Alexandr"]
[Black "Kovalev, Denis"]
[Result "1-0"]
[WhiteElo "1868"]
[BlackElo "2496"]
[Annotator "RC"]
[PlyCount "79"]
[EventDate "2019.05.20"]
[EventCountry "UKR"]
[SourceTitle "playchess.com"]
[Source "ChessBase"]
[SourceQuality "1"]
[TimeControl "40/5400+30:1800+30"]

1. Nf3 {[%emt 0:00:00]} Nf6 {[%emt 0:00:00]} 2. c4 {[%emt 0:00:00]} d6 {[%emt 0:00:36]} 3. g3 {[%emt 0:00:44]} e5 {[%emt 0:01:05]} 4. Bg2 {[%emt 0:00:29]} Be7 {[%emt 0:00:54]} 5. Nc3 {[%emt 0:00:15]} O-O {[%emt 0:01:18]} 6. O-O {[%emt 0:00:22]} Nbd7 {[%emt 0:00:52]} 7. Rb1 {[%emt 0:00:57]} a5 {[%emt 0:01:34]} 8. d4 {[%emt 0:03:15]} Re8 {[%emt 0:05:31]} 9. b3 {[%emt 0:01:25]} c6 {[%emt 0:06:31]} 10. e3 {[%emt 0:02:11]} e4 {[%emt 0:12:09]} 11. Nd2 {[%emt 0:12:37]} d5 {[%emt 0:00:18]} 12. a3 {[%emt 0:02:52]} Nf8 {[%emt 0:05:01]} 13. f3 {[%emt 0:01:48]} exf3 {[%emt 0:04:33]} 14. Qxf3 {[%emt 0:00:16]} Bg4 {[%emt 0:02:42]} 15. Qf2 {[%emt 0:00:21]} Bh5 {[%emt 0:11:48]} 16. h3 {[%emt 0:08:51]} Bg6 {[%emt 0:11:07]} 17. Ra1 {[%emt 0:01:22]} Bd3 {[%emt 0:08:14]} 18. Re1 {[%emt 0:03:14]} Bd6 {[%emt 0:03:57]} 19. cxd5 {[%emt 0:02:09]} Qc7 {[%emt 0:02:32]} 20. Nf1 {[%emt 0:04:26]} Bxf1 {[%emt 0:07:03]} 21. Rxf1 {[%emt 0:01:00]} Bxg3 {[%emt 0:00:18]} 22. Qf3 {[%emt 0:08:04]} Ng6 {[%emt 0:02:33]} 23. e4 {[%emt 0:00:58]} Nh4 {[%emt 0:00:53]} 24. Qd3 {[%emt 0:00:12]} Nh5 {[%emt 0:05:45]} 25. e5 {[%emt 0:03:26]} f6 {[%emt 0:03:40]} 26. Ne4 {[%emt 0:06:29]} Bxe5 {[%emt 0:01:21]} 27. dxe5 {[%emt 0:00:12]} Qxe5 {[%emt 0:00:08]} 28. Nc3 {[%emt 0:00:52]} Ng3 {[%emt 0:00:52]} 29. Bf4 {[%emt 0:01:38]} Qxc3 {[%emt 0:00:22]} 30. Qxg3 {[%emt 0:00:11]} Qd4+ {[%emt 0:00:37]} 31. Qf2 {[%emt 0:01:13]} Qxf2+ {[%emt 0:00:42]} 32. Rxf2 {[%emt 0:00:10]} Nxg2 {[%emt 0:00:23]} 33. Kxg2 {[%emt 0:00:43]} cxd5 {[%emt 0:00:08]} 34. Rd1 {[%emt 0:04:40]} a4 {[%emt 0:00:41]} 35. b4 {[%emt 0:00:10]} Rad8 {[%emt 0:00:21]} 36. b5 {[%emt 0:09:00]} Re4 {[%emt 0:00:49]} 37. b6 {[%emt 0:00:18]} g5 {[%emt 0:00:40]} 38. Bc7 {[%emt 0:00:09]} Rd7 {[%emt 0:00:30]} 39. Rxf6 {[%emt 0:00:06]} d4 {[%emt 0:00:28]} 40. Rd6 {[%emt 0:00:00]} 1-0

[Event "UKR-chT 2019"]
[Site "Chornomorsk"]
[Date "2019.05.20"]
[Round "1.5"]
[White "Mats, Diana"]
[Black "Maximov, Dmitry"]
[Result "0-1"]
[WhiteElo "2056"]
[BlackElo "2486"]
[Annotator "ChessBase"]
[PlyCount "82"]
[EventDate "2019.05.20"]
[EventCountry "UKR"]
[SourceTitle "playchess.com"]
[Source "ChessBase"]
[SourceQuality "1"]
[TimeControl "40/5400+30:1800+30"]

1. e4 {[%emt 0:00:00]} c5 {[%emt 0:00:00]} 2. Nf3 {[%emt 0:00:24]} d6 {[%emt 0:00:00]} 3. c3 {[%emt 0:00:52]} Nf6 {[%emt 0:00:00]} 4. h3 {[%emt 0:00:57]} g6 {[%emt 0:02:24]} 5. Bd3 {[%emt 0:00:30]} Bg7 {[%emt 0:00:48]} 6. Bc2 {[%emt 0:00:46]} O-O {[%emt 0:01:03]} 7. d4 {[%emt 0:01:27]} cxd4 {[%emt 0:07:08]} 8. cxd4 {[%emt 0:00:20]} b5 {[%emt 0:01:57]} 9. O-O {[%emt 0:03:47]} Bb7 {[%emt 0:01:50]} 10. Re1 {[%emt 0:04:28]} Nbd7 {[%emt 0:05:27]} 11. a3 {[%emt 0:06:10]} e5 {[%emt 0:07:28]} 12. Nc3 {[%emt 0:10:32]} a6 {[%emt 0:06:42]} 13. dxe5 {[%emt 0:15:13]} dxe5 {[%emt 0:00:53]} 14. Bg5 {[%emt 0:02:51]} Qb8 {[%emt 0:08:52]} 15. Qe2 {[%emt 0:08:33]} h6 {[%emt 0:20:46]} 16. Be3 {[%emt 0:03:32]} Bc6 {[%emt 0:00:54]} 17. Rad1 {[%emt 0:05:24]} b4 {[%emt 0:01:24]} 18. Nd5 {[%emt 0:04:00]} Bxd5 {[%emt 0:04:44]} 19. exd5 {[%emt 0:01:51]} b3 {[%emt 0:02:36]} 20. Bb1 {[%emt 0:01:57]} Re8 {[%emt 0:00:26]} 21. Qd2 {[%emt 0:04:18]} Kh7 {[%emt 0:00:14]} 22. d6 {[%emt 0:01:08]} Re6 {[%emt 0:01:44]} 23. Qb4 {[%emt 0:11:01]} Qxb4 {[%emt 0:02:07]} 24. axb4 {[%emt 0:00:01]} Rb8 {[%emt 0:00:11]} 25. Bd2 {[%emt 0:03:10]} Rxd6 {[%emt 0:08:17]} 26. Bc3 {[%emt 0:00:16]} Re6 {[%emt 0:00:23]} 27. Bd3 {[%emt 0:04:18]} Rc8 {[%emt 0:07:09]} 28. Nxe5 {[%emt 0:01:09]} Rxc3 {[%emt 0:00:11]} 29. bxc3 {[%emt 0:01:58]} Nxe5 {[%emt 0:00:20]} 30. Bf1 {[%emt 0:02:54]} b2 {[%emt 0:04:00]} 31. f4 {[%emt 0:00:38]} Nc6 {[%emt 0:00:44]} 32. Rxe6 {[%emt 0:00:03]} fxe6 {[%emt 0:00:03]} 33. Rb1 {[%emt 0:00:14]} Nd5 {[%emt 0:00:23]} 34. Rxb2 {[%emt 0:01:32]} Bxc3 {[%emt 0:00:07]} 35. Rb3 {[%emt 0:00:15]} Bd4+ {[%emt 0:01:53]} 36. Kh2 {[%emt 0:00:29]} Ndxb4 {[%emt 0:00:20]} 37. Ra3 {[%emt 0:00:47]} a5 {[%emt 0:00:12]} 38. Bc4 {[%emt 0:00:02]} e5 {[%emt 0:01:06]} 39. Kg3 {[%emt 0:00:51]} e4 {[%emt 0:02:32]} 40. Be6 {[%emt 0:00:00]} e3 {[%emt 0:00:00]} 41. Kf3 {[%emt 0:03:21]} Bc5 {[%emt 0:02:02]} 0-1

[Event "UKR-chT 2019"]
[Site "Chornomorsk"]
[Date "2019.05.20"]
[Round "1.6"]
[White "Bugaev, Viktor"]
[Black "Borisenko, Viacheslav"]
[Result "1-0"]
[WhiteElo "2122"]
[BlackElo "2292"]
[Annotator "TA"]
[PlyCount "57"]
[EventDate "2019.05.20"]
[EventCountry "UKR"]
[SourceTitle "playchess.com"]
[Source "ChessBase"]
[SourceQuality "1"]

{[%evp 11,119,37,54,23,56,23,47,24,39,22,25,30,55,37,51,25,53,19,20,19,62,36,45,43,66,25,112,110,116,102,104,48,108,113,106,43,98,87,101,46,100,87,94,47,149,92,197,136,129,128,156,149,139,146,168,125,150,143,164,168,156,162,152,161,153,147,237,259,599,590,656,676,653,615,669,607,741,728,686,675,708,691,739,729,735,732,732,712,1064,1056,1073,1052,1430,928,1088,1088,1109,1062,2273,969,967,964,922,911,1337,1273,1496,1358,1830,1308]} 1. e4 d6 2. d4 Nf6 3. Bd3 e5 4. c3 Be7 5. Ne2 O-O 6. O-O c6 7. h3 {B07: Pirc Defence: Miscellaneous Systems} Nbd7 8. Bc2 $146 ({Predecessor:} 8. Nd2 d5 9. Ng3 exd4 10. cxd4 dxe4 11. Ndxe4 Nxe4 12. Bxe4 Nf6 13. Bf3 Be6 14. b3 Qd7 {½-½ (31) Savic,M (2162)-Bosnjak,P (2088) Croatia 2015}) 8... b6 9. Ng3 {White is slightly better.} Re8 10. Nd2 Bf8 11. Nf3 g6 12. Re1 Qc7 13. Bb3 Bg7 14. Ng5 Re7 15. f4 Nf8 16. Nf3 $36 {[%mdl 2048] White is more active.} exf4 17. Bxf4 Ne6 18. Be3 d5 (18... Ba6 $11) 19. e5 $16 Nd7 20. c4 Bb7 21. Rc1 (21. cxd5 $16 cxd5 22. Rc1) 21... Qd8 ({Black should play} 21... dxc4 $14 22. Bxc4 Rd8) 22. cxd5 cxd5 23. Qd2 (23. Ne2 $16) 23... Ndf8 (23... f6 $14) 24. Nh2 Rc8 25. Ng4 (25. Rxc8 $16 Qxc8 26. Ne2) 25... Rec7 (25... Rxc1 $14 26. Rxc1 h5) 26. Rxc7 Rxc7 27. Rf1 Nd7 (27... h5 $14 28. Nf2 f6) 28. Qf2 ({White should try} 28. Bh6) 28... Qf8 {[#]} (28... Nb8 $16) 29. Ne2 {Played: Ng4-h6} 1-0

[Event "UKR-chT 2019"]
[Site "Chornomorsk"]
[Date "2019.05.21"]
[Round "2.1"]
[White "Kuzubov, Yuriy"]
[Black "Reshetkov, Kirill"]
[Result "1-0"]
[WhiteElo "2664"]
[BlackElo "2261"]
[Annotator "TA"]
[PlyCount "99"]
[EventDate "2019.05.20"]
[EventCountry "UKR"]
[SourceTitle "playchess.com"]
[Source "ChessBase"]
[SourceQuality "1"]

{[%evp 19,99,48,56,46,69,60,72,53,66,57,87,85,92,89,133,98,102,38,97,47,47,43,40,49,48,54,55,17,82,26,27,10,106,94,88,101,174,77,77,79,77,68,69,63,63,63,63,63,63,70,70,62,72,30,72,33,65,65,65,64,82,75,72,67,81,81,83,87,489,493,597,595,589,587,483,464,1798,1567,29981,29982,29978,29975]} 1. d4 Nf6 2. Nf3 e6 3. c4 Bb4+ 4. Bd2 Qe7 5. g3 Bxd2+ 6. Qxd2 d6 7. Nc3 O-O 8. Bg2 e5 9. O-O c6 10. e4 Bg4 11. Nh4 {E11: Bogo-Indian} (11. Ne1 exd4 12. Qxd4 c5 13. Qe3 Nc6 14. Nc2 Qe5 15. h3 Qh5 16. Nd5 Bxh3 17. Nf4 Qe5 18. Nxh3 Qxb2 {1-0 (35) Georgiev,K (2682)-Lajthajm,B (2482) Cetinje 2012}) 11... exd4 12. Qxd4 c5 13. Qd2 {White is better.} Nc6 14. f4 $146 ({Predecessor:} 14. h3 Be6 15. b3 Nd4 16. f4 Rad8 17. Rae1 a6 18. Qf2 b5 {1-0 (49) Joanpera Morales,A-Pisa Ferrer,M Catalunya 1996}) 14... Be6 15. b3 Rfe8 16. Rae1 Nd4 17. h3 Rad8 18. Qf2 ({Better is} 18. Nf3 $16) 18... h5 (18... a6 $14) 19. e5 dxe5 20. fxe5 Nh7 $1 21. Nd5 Qg5 22. Nf4 $36 {[%mdl 2048] White has the initiative.} Rd7 23. Kh2 a6 (23... Qh6 $11 {keeps the balance.}) 24. Bf3 (24. Nxe6 $16 fxe6 25. Be4) 24... Qh6 $11 25. Bxh5 g6 (25... Rf8 $1 $11 {remains equal.}) 26. Nxe6 $16 Nxe6 27. Bg4 Nhg5 {[#]} (27... Rd2 $16 {might work better.} 28. Re2 Rxe2 29. Qxe2 (29. Bxe2 Re7 $16) 29... Nd4) 28. Qe3 (28. Ng2 $1 $18 {is more deadly.}) 28... Rd4 29. Bxe6 Rxe6 30. Rd1 Qh5 31. Rxd4 cxd4 32. Qxd4 {Hoping for Rf2.} Qe2+ 33. Rf2 Qxe5 34. Qxe5 Rxe5 $14 {[%mdl 4096] Endgame KRN-KRN} 35. Ng2 $1 Ne6 36. g4 Re4 37. Rd2 b5 38. cxb5 axb5 39. Kg3 Kg7 40. Kf2 Kh6 41. Ne3 Ng5 42. h4 Rf4+ 43. Kg2 Nf3 $2 {[%mdl 8192] [#]} (43... Ne6 $16 {is a better chance.}) 44. Kg3 $18 Rd4 45. Rxd4 Nxd4 46. a4 bxa4 47. bxa4 f5 (47... Nc6 $142 48. Kf4 f5 49. gxf5 gxf5 50. Nxf5+ Kh5) 48. g5+ Kh5 49. Nd5 {[%cal Rd5f6]} Ne2+ 50. Kh3 {Accuracy: White = 54%, Black = 32%.} 1-0

[Event "UKR-chT 2019"]
[Site "Chornomorsk"]
[Date "2019.05.21"]
[Round "2.2"]
[White "Snigurov, Maxim"]
[Black "Baklan, Vladimir"]
[Result "0-1"]
[WhiteElo "2259"]
[BlackElo "2620"]
[Annotator "TA"]
[PlyCount "132"]
[EventDate "2019.05.20"]
[EventCountry "UKR"]
[SourceTitle "playchess.com"]
[Source "ChessBase"]
[SourceQuality "1"]

{[%evp 15,132,25,47,0,0,-10,-2,0,0,-10,-12,-10,0,-7,-8,-8,-4,-4,0,-12,0,-10,-16,-28,0,-9,-12,-47,-50,-134,-125,-128,-125,-136,-142,-149,-142,-142,-144,-154,-149,-370,-360,-403,-400,-400,-400,-369,-353,-363,-365,-394,-405,-426,-415,-408,-400,-479,-469,-564,-547,-453,-286,-304,-303,-281,-245,-316,-311,-419,-398,-307,-256,-412,-419,-432,-431,-430,-433,-526,-459,-520,-521,-495,-381,-409,-400,-398,-332,-403,-394,-520,-475,-29951,-29947,-29964,-29965,-29965,-29966,-29966,-29966,-29967,-29968,-29967,-29968,-29962,-29962,-29976,-29977,-29976,-29977,-29980,-29981,-29984,-29985,-29986,-29987,-29986,-29987]} 1. e4 c5 2. Nf3 Nc6 3. d4 cxd4 4. Nxd4 Nf6 5. Nc3 d6 6. f3 e5 7. Nb3 Be7 ({Predecessor:} 7... Be6 8. Be3 {½-½ (66) Rogovoi,M (2237)-Golovenchits,B St Petersburg 2000}) 8. Be3 Be6 9. Qd2 $146 {B56: Classical Sicilian: Unusual Lines} (9. Qe2 {seems wilder.} O-O 10. O-O-O Na5 11. Qb5 Nxb3+ 12. axb3 Qc7 13. g4) (9. Nd5 O-O 10. Qd2 a5 11. Bb6 Qd7 12. Bb5 Bd8 13. Bxa5 Bxa5 14. Nxf6+ gxf6 15. Nxa5 Rxa5 16. Qxa5 Nxa5 17. Bxd7 Bxd7 18. O-O-O {1-0 (60) Lu,S (2635)-Karthikeyan,M (2604) Bhubaneswar 2018}) 9... d5 10. exd5 Nxd5 11. Nxd5 {The position is equal.} Qxd5 12. Qxd5 Bxd5 13. O-O-O $1 O-O-O $1 14. Bd3 Kc7 15. Be4 Bxe4 16. fxe4 b6 17. Rhf1 Rhf8 (17... Rxd1+ {keeps more tension.} 18. Kxd1 f6 19. a4 g6 20. c3 Kd7) 18. Rxd8 (18. a4 {with more complications.} h6 19. Nd2 Na5 20. Rf3 f6 21. c3) 18... Nxd8 19. Nd2 Ne6 20. Nc4 f6 21. Bg1 Rd8 22. Rd1 {[#]} (22. c3 $15) 22... Nf4 $1 $17 {[%cal Rf4e2] ( -> ...Ne2+)} 23. Rxd8 Kxd8 {[%mdl 4096] Endgame KBN-KBN} 24. Kd1 Nxg2 25. a4 Kd7 26. c3 Nf4 27. b4 Ne6 28. Ne3 $2 (28. Be3 $17) 28... Ng5 $19 29. Nd5 Nxe4 30. c4 Bd8 31. Kc2 Nd6 32. Kb3 f5 33. c5 bxc5 34. bxc5 Ne8 35. Kc4 f4 36. Nb4 a5 37. c6+ Kc7 38. Nd3 e4 39. Nxf4 Kxc6 40. Nd5 Nf6 41. Nf4 Ng4 42. Ne6 Bf6 43. Nd4+ Kd6 44. Nb3 $2 (44. Nb5+ {was worth a try.} Ke6 45. Nc7+ Kf5 46. h3) 44... Ne5+ 45. Kb5 Nf3 46. Be3 Kd5 47. Kxa5 Nd4 48. Nc1 Nc2 49. Bb6 {and the idea Kb5 leaves White hopeful.} e3 50. Ka6 Nd4 51. Kb7 {[#] With the idea a5.} e2 $1 {[%cal Re2e1]} 52. Ba5 Bh4 53. Nd3 Kc4 54. Be1 (54. Nf4 $19) 54... Bxe1 {Black mates.} 55. Nxe1 {KN-KN} Kb4 56. Kb6 Nb3 57. Kc6 Kxa4 58. Kd5 Kb4 59. Ke4 Kc3 60. Ke3 Nc1 61. h4 h5 62. Ng2 Kc2 63. Kf4 Kd2 64. Kg5 Nd3 65. Kf5 Nb4 66. Ke5 Nc2 {Accuracy: White = 39%, Black = 91%.} 0-1

[Event "UKR-chT 2019"]
[Site "Chornomorsk"]
[Date "2019.05.21"]
[Round "2.3"]
[White "Sivuk, Vitaly"]
[Black "Molchanov, Oleksii"]
[Result "1-0"]
[WhiteElo "2543"]
[BlackElo "2425"]
[Annotator "TA"]
[PlyCount "49"]
[EventDate "2019.05.20"]
[EventCountry "UKR"]
[SourceTitle "playchess.com"]
[Source "ChessBase"]
[SourceQuality "1"]

{[%evp 16,49,38,36,41,8,38,23,62,55,51,60,52,52,45,58,59,68,190,202,181,119,160,163,303,290,306,285,648,674,647,643,29988,29989,29998,29999]} 1. c4 e6 2. g3 d5 3. Nf3 dxc4 4. Bg2 Nf6 5. O-O c5 6. Na3 Nc6 7. Nxc4 Be7 8. b3 O-O 9. Bb2 Qc7 $146 {A13: English Opening: 1...e6} (9... Bd7 10. d4 cxd4 11. Nxd4 Rc8 12. Nb5 a6 13. Nbd6 Rc7 14. Rc1 Qb8 15. e4 b5 16. e5 Nd5 17. Bxd5 exd5 {1-0 (31) Wei,Y (2743)-Yu,Y (2751) Shenzhen 2017}) 10. Rc1 Rd8 11. d4 cxd4 {White has an edge.} 12. Nxd4 Bc5 {[%cal Rc5d4]} 13. e3 Bxd4 14. exd4 Nd5 15. Qh5 Bd7 16. Ne3 Be8 (16... Nf6 $14 17. Qg5 Qa5 18. Qxa5 Nxa5) 17. Nxd5 $18 ({Much less strong is} 17. Bxd5 $6 exd5 18. Nxd5 Qd7 $16) 17... exd5 18. Rc5 (18. Bxd5 $18 {aiming for Rfe1.} g6 19. Qf3) 18... Qb6 19. Bxd5 Rd6 (19... Nb4 $142) 20. Re1 {[#] White wants to mate with Rxe8+!} Qd8 21. Bc4 Nxd4 $2 (21... a6 22. d5 Nb4) 22. Bxd4 Rxd4 23. Rce5 Bc6 {intending ...Rd7.} 24. Bxf7+ Kh8 {[#]} 25. Qxh7+ $1 {[%mdl 576] Clearance. Accuracy: White = 59%, Black = 25%.} 1-0